000 01059cad a22002175a 4500
001 L157806
008 130528s2013 xxk f 000 0 eng d
035 _a(Sirsi) u157806
041 0 _aeng
110 2 _aUnited Kingdom
_bDepartment of Energy and Climate Change
_95850
245 0 0 _aGreen Deal affordability assessments
_bOFT/DECC joint guidance
_h[electronic resource]
260 _aLondon
_bDECC
_c2013
520 _aThis document updates the guidance on affordability assessments that can be found in Annex 1 of the Green Deal Provider Guidance (pages 108-109).
590 _aKA
651 4 _aUnited Kingdom
690 _aEnergy
_96237
690 _aSustainability
_96271
856 4 0 _uhttps://www.gov.uk/government/uploads/system/uploads/attachment_data/file/203403/GreenDealAffordability_assessments.pdf
_zView the item free of charge at www.gov.uk
856 4 0 _uhttps://www.gov.uk/government/uploads/system/uploads/attachment_data/file/65611/6975-green-deal-provider-guidance.pdf
_zView the Green Deal Provider Guidance at www.gov.uk
942 _n0
999 _c114976
_d114976